00487nam a2200121Ia 4500008004100000245017500041260003500216260000900251300000800260500001800268650001300286856006600299170516s9999 xx 000 0 und d aApplication of artificial neural network model in predicting physicochemical characteristics of pharmaceutically developed wafers of loratadine Mr. Chakraborty Prithviraj bAsian Journal of Pharmaceutics c2015 a9:1 aJanuary-March xPharmacy uhttp://www.asiapharmaceutics.info/index.php/ajp/issue/view/53